15 Największych państw śródlądowych- whammies - Statystyki

Ogólne statystyki
  • Ten quiz został rozwiązany 30 razy
  • Średni wynik to 12 z 15
Statystyki odpowiedzi
Powierzchnia Państwo % Poprawnych
1 098 581 Boliwia
95%
2 724 900 Kazachstan
95%
1 564 116 Mongolia
90%
1 267 000 Niger
90%
1 104 300 Etiopia
85%
1 284 000 Czad
80%
1 240 192 Mali
80%
406 752 Paragwaj
80%
644 329 Sudan Południowy
80%
488 100 Turkmenistan
80%
652 230 Afganistan
75%
622 984 Republika Środkowoafrykańska
75%
447 400 Uzbekistan
75%
752 618 Zambia
75%
581 730 Botswana
65%
Nie znaleziono quizów pasujących do podanych kryteriów
Rozkład punktacji
Procent ludzi z każdym wynikiem
Percentyl według liczby udzielonych odpowiedzi
Twoja historia wyników
Nie rozwiązałeś tego quizu